000 00869nam a22002777a 4500
001 000657
003 DO-SdBNP
005 20180208124253.0
007 000657
008 161108b 2000 mx a ||||| |||| 00| 0 spa d
020 _a9681905598
040 _aBPMSU
_bspa
_cBPMSU
100 1 _aDahl, Roald,
_d1916-
240 1 0 _aThe Twits.
_lEspañol
245 1 0 _aLos cretinos /
_cRoald Dahl ; ilustraciones Quentin Blake.
260 _aMéxico :
_bAlfaguara,
_c2003.
300 _a103 p. :
_bil. ;
_c20 cm.
490 1 _aAlfaguara infantil
500 _aIncluye datos biográficos del autor en la solapa de la contracubierta.
500 _aPara niños a partir de los 10 años.
700 1 2 _aBlake, Quentin,
_eil.
830 0 _aAlfaguara infantil
942 _2ddc
_cBK
945 _aInventariado, 2018/MFF
956 _2LOPEREZ
_310
_6BPMSU
_820161108
_a00041
999 _c11845
_d11845